[Event "IX-E-1-1-R4-J1"]
[Site "http://www.queenalice.com/game.php?id=1131634"]
[Date "2012.12.16"]
[Round "-"]
[White "fflores"]
[Black "ReiNato"]
[Result "1-0"]
[WhiteElo "1638"]
[BlackElo "1707"]

1. d4 e6 2. e4 c6 3. e5 Be7 4. Nf3 d6 5. exd6 Qxd6 6. c3 Nf6 7. Bd3 O-O 8. O-O
Nbd7 9. h3 b5 10. Ng5 Re8 11. Ne4 Nxe4 12. Bxe4 f5 13. Bd3 Bf6 14. g3 Nf8 15. h4
g6 16. Bf4 Qd5 17. Nd2 e5 18. Bc2 Ne6 19. Bb3 Qd6 20. dxe5 Bxe5 21. Bxe5 Qxe5
22. Nf3 Qf6 23. Nd4 Bd7 24. Bxe6+ Bxe6 25. Nxe6 Rxe6 26. Qb3 Kg7 27. Rfe1 Rae8
28. Rxe6 Rxe6 29. Rd1 a5 30. Rd7+ Re7 31. Rxe7+ Qxe7 32. c4 bxc4 33. Qxc4 Qe1+
34. Kg2 Qe4+ 35. Qxe4 fxe4 36. f3 exf3+ 37. Kxf3 Kf6 38. Ke4 Ke6 39. b3 c5 40.
g4 h6 41. h5 g5 42. a4 Kd6 43. Kf5 Kd5 44. Kg6 c4 45. bxc4+ Kxc4 46. Kxh6 Kb4
47. Kxg5 Kxa4 48. h6 Kb3 49. h7 a4 50. h8=Q a3 51. Qa1 a2 52. Kf5 Ka3 53. g5 Kb3
54. g6 Ka3 55. g7 Kb3 56. g8=Q+ Ka3 57. Qgxa2+ Kb4 58. Qd4+ Kb5 59. Qdc4+ Kb6
60. Qab3+ Ka5 61. Qca4# 1-0

[Event "IX-E-1-1-R5-J2"]
[Site "http://www.queenalice.com/game.php?id=1145182"]
[Date "2013.1.25"]
[Round "-"]
[White "ReiNato"]
[Black "Wenderson"]
[Result "1-0"]
[WhiteElo "1658"]
[BlackElo "1892"]

1. e4 e5 2. Nf3 Nc6 3. Bc4 Bc5 4. O-O Nf6 5. d3 O-O 6. Bg5 h6 7. Bxf6 Qxf6 8.
Nbd2 d6 9. c3 Be6 10. Bd5 Bxd5 11. exd5 Ne7 12. Ne4 Qg6 13. Nh4 Qh7 14. b4 Bb6
15. c4 Bd4 16. Rb1 Ng6 17. Nf5 Rfe8 18. g3 Ne7 19. Nxd4 exd4 20. Rb3 Qg6 21. f4
Nf5 22. Qf3 Nh4 23. Qf2 Nf5 24. c5 dxc5 25. bxc5 b6 26. cxb6 axb6 27. Rc1 Rac8
28. Qe2 Ne3 29. Rc6 Qg4 30. Qxg4 Nxg4 31. h3 Ne3 32. Rb5 Red8 33. d6 cxd6 34.
Rxc8 Rxc8 35. Rxb6 Rc1+ 36. Kf2 Rc2+ 37. Kf3 Rxa2 38. Rxd6 Nf5 39. Rd8+ Kh7 40.
g4 Ne7 41. Rxd4 Ra3 42. Rd7 Nc6 43. h4 Kg8 44. g5 Nb4 45. Ke3 Ra8 46. gxh6 gxh6
47. Nf6+ Kg7 48. Ng4 Re8+ 49. Ne5 Nc6 50. Rxf7+ Kg8 51. Rd7 Nxe5 52. fxe5 Rxe5+
53. Kf4 Rb5 54. d4 Rh5 55. Kg4 1-0

[Event "kalabric"]
[Site "http://www.queenalice.com/game.php?id=1175062"]
[Date "2013.4.25"]
[Round "3"]
[White "kalabric"]
[Black "ReiNato"]
[Result "0-1"]
[WhiteElo "1905"]
[BlackElo "1682"]

1. e4 c6 2. Nf3 e6 3. Nc3 Bb4 4. a3 Bxc3 5. dxc3 Ne7 6. Bf4 O-O 7. Bc4 d5 8.
exd5 Qb6 9. b3 exd5 10. Bd3 Nd7 11. O-O Ng6 12. Qd2 Nxf4 13. Qxf4 Nf6 14. Ng5 c5
15. Qh4 g6 16. a4 c4 17. bxc4 dxc4 18. Bxc4 Be6 19. Bxe6 fxe6 20. Rab1 Qc6 21.
Rb3 b6 22. Re1 Rae8 23. Qh3 Qd5 24. Qg4 Nxg4 25. Nf3 Rxf3 26. gxf3 Qxf3 27. Rf1
Qh3 28. c4 Qxh2# 0-1

[Event "IX-E-1-1-R8-J3"]
[Site "http://www.queenalice.com/game.php?id=1180906"]
[Date "2013.5.12"]
[Round "-"]
[White "ReiNato"]
[Black "kalabric"]
[Result "0-1"]
[WhiteElo "1683"]
[BlackElo "1891"]

1. Nf3 Nc6 2. c3 e5 3. e4 Nf6 4. Bc4 Nxe4 5. d4 exd4 6. Nxd4 Bc5 7. O-O Qf6 8.
Be3 d6 9. Bd5 Qg6 10. Bxc6+ bxc6 11. f3 Nf6 12. Qe2 O-O 13. Nxc6 Re8 14. Nd4 Nd5
15. b4 Rxe3 16. Qd2 Bxd4 17. Qxd4 Rd3 18. Qf2 Nxc3 19. Nxc3 Rxc3 20. Qg3 Qxg3
21. hxg3 Ra3 22. Rf2 Be6 23. Rc2 a5 24. bxa5 R3xa5 25. Rxc7 Rxa2 26. Rac1 Ra1
27. Kh2 Rxc1 28. Rxc1 d5 29. g4 d4 30. Kg3 g5 31. Rd1 Rd8 32. f4 gxf4+ 33. Kxf4
d3 34. Rd2 h6 35. g3 Kg7 36. Kf3 Kg6 37. Ke3 Kg5 38. Rxd3 Rxd3+ 39. Kxd3 Kxg4
40. Ke4 Kxg3 41. Ke5 h5 42. Kf6 h4 43. Kg5 h3 44. Kh5 h2 45. Kh6 h1=Q+ 46. Kg5
Qh4# 0-1

[Event "Challenge"]
[Site "http://www.queenalice.com/game.php?id=1183980"]
[Date "2013.5.24"]
[Round "-"]
[White "marreta7"]
[Black "ReiNato"]
[Result "0-1"]
[WhiteElo "1370"]
[BlackElo "1653"]

1. e4 c6 2. Bc4 b5 3. Bb3 d5 4. e5 e6 5. d4 Ne7 6. Nf3 Ng6 7. a3 Be7 8. Nc3 O-O
9. O-O a5 10. Be3 a4 11. Ba2 Nd7 12. Qd2 f6 13. Rfe1 fxe5 14. dxe5 Ndxe5 15.
Nxe5 Nxe5 16. Qe2 Ng6 17. Red1 Ne5 18. h3 Nc4 19. Bxc4 bxc4 20. b4 e5 21. Bc5
Bxc5 22. bxc5 e4 23. Nxe4 Bf5 24. Ng3 Qf6 25. Nxf5 Qxf5 26. c3 Rae8 27. Qf1 Re6
28. Rab1 Rg6 29. g4 Qf3 30. Rd2 Qxc3 31. Qe2 Qxh3 32. f3 h5 33. Qh2 Qxf3 34. Rg2
Rgf6 35. gxh5 Qf1+ 36. Rxf1 Rxf1# 0-1

[Event "mesa 24"]
[Site "http://www.queenalice.com/game.php?id=1184770"]
[Date "2013.5.25"]
[Round "-"]
[White "Herbert_Paulo"]
[Black "ReiNato"]
[Result "1/2-1/2"]
[WhiteElo "1498"]
[BlackElo "1659"]

1. e4 c6 2. d4 e6 3. Nf3 Ne7 4. Be2 Ng6 5. Nc3 Bb4 6. Bd2 Bxc3 7. Bxc3 O-O 8.
Bd3 f5 9. exf5 Nf4 10. O-O Nxd3 11. Qxd3 exf5 12. Rae1 d5 13. Ne5 Nd7 14. f4 Nf6
15. Qf3 Ne4 16. a3 Nxc3 17. Qxc3 Rf6 18. Qg3 1/2-1/2

[Event "mesa 24"]
[Site "http://www.queenalice.com/game.php?id=1184771"]
[Date "2013.5.25"]
[Round "-"]
[White "Herbert_Paulo"]
[Black "ReiNato"]
[Result "1-0"]
[WhiteElo "1410"]
[BlackElo "1686"]

1. e4 c6 2. d4 e6 3. Nf3 Ne7 4. Be2 Ng6 5. O-O Be7 6. Nc3 O-O 7. Be3 b5 8. a3 d6
9. e5 dxe5 10. Nxe5 Nxe5 11. dxe5 Qc7 12. f4 Nd7 13. Bf3 Bb7 14. Kh1 Nb6 15. Qe2
Nd5 16. Nxd5 cxd5 17. c3 a6 18. Qf2 1-0

[Event "Challenge"]
[Site "http://www.queenalice.com/game.php?id=1194688"]
[Date "2013.6.27"]
[Round "-"]
[White "thigo"]
[Black "ReiNato"]
[Result "0-1"]
[WhiteElo "1618"]
[BlackElo "1675"]

1. e4 c6 2. Qf3 e6 3. Nh3 d6 4. d4 Ne7 5. Bf4 Ng6 6. Bc4 Nxf4 7. Nxf4 b5 8. Bb3
a5 9. a3 a4 10. Ba2 Be7 11. Nd2 O-O 12. O-O-O Nd7 13. e5 d5 14. h4 b4 15. Qg3
bxa3 16. bxa3 Nb6 17. Nf3 Nc4 18. h5 Nxa3 19. h6 g6 20. Rh5 Nc4 21. Bxc4 dxc4
22. Kd2 Kh8 23. Nh4 Bxh4 24. Rxh4 Bd7 25. Nh5 Be8 26. Nf6 a3 27. Qc3 Qa5 28.
Qxa5 Rxa5 29. Ra1 a2 30. Kc1 c5 31. c3 cxd4 32. Rxd4 Rxe5 33. Rxa2 Rf5 34. Ne4
Bc6 35. f3 Bxe4 36. fxe4 Rh5 37. Rxc4 Rxh6 38. Re2 Rd8 39. Rc7 Kg8 40. Rf2 f5
41. Re7 Rd6 42. exf5 gxf5 43. Kc2 Rg6 44. c4 Rg4 45. Rc7 h5 46. c5 Ra6 47. Rc8+
Kf7 48. Rd2 Ra2+ 49. Kc3 Rg3+ 50. Rd3 Ra3+ 51. Kb4 Rgxd3 52. Kb5 Ke7 53. Kb6 Kd7
54. Rc7+ Kd8 55. Kb7 Ra7+ 56. Kxa7 Kxc7 57. Ka6 Rb3 58. Ka5 Kc6 59. Ka4 Rb5 60.
g3 Kxc5 61. Ka3 Kc4 62. Ka4 e5 63. Ka3 Rb4 64. Ka2 Kc3 65. Ka3 e4 66. Ka2 Ra4+
67. Kb1 Ra3 68. g4 fxg4 69. Kc1 Ra1# 0-1

[Event "IX-E-1-1-R11-J1"]
[Site "http://www.queenalice.com/game.php?id=1210141"]
[Date "2013.8.21"]
[Round "-"]
[White "ReiNato"]
[Black "fflores"]
[Result "1-0"]
[WhiteElo "1706"]
[BlackElo "1688"]

1. Nf3 d5 2. d4 Nf6 3. e3 e6 4. Bd3 h6 5. O-O Bd6 6. c3 O-O 7. Nbd2 c6 8. e4
dxe4 9. Nxe4 Nxe4 10. Bxe4 f5 11. Bd3 b6 12. Be3 Ba6 13. g3 Bxd3 14. Qxd3 f4 15.
Bd2 fxg3 16. fxg3 c5 17. Kg2 cxd4 18. Nxd4 Rxf1 19. Rxf1 Qe8 20. b4 Nc6 21. Nxc6
Qxc6+ 22. Kg1 Rf8 23. Rxf8+ Bxf8 24. a3 a5 25. Qg6 Qd6 26. Bxh6 e5 27. Qxd6 Bxd6
28. Be3 axb4 29. axb4 b5 30. Kf2 Kf7 31. Kf3 Ke6 32. Ke4 Kf6 33. h4 Bc7 34. g4
Kg6 35. Kd5 Bd8 36. h5+ Kh7 37. g5 g6 38. h6 Bc7 39. Kc6 Bb8 40. Kxb5 Kg8 41.
Kc6 Kf7 42. Kd7 e4 43. c4 Be5 44. c5 Bc3 45. b5 1-0

[Event "IX-E-2-B-R4-J1"]
[Site "http://www.queenalice.com/game.php?id=1237624"]
[Date "2013.12.4"]
[Round "-"]
[White "Wenderson"]
[Black "ReiNato"]
[Result "1-0"]
[WhiteElo "1889"]
[BlackElo "1721"]

1. e4 e6 2. Nf3 Ne7 3. d4 Ng6 4. Nc3 Bb4 5. Bd3 Bxc3+ 6. bxc3 O-O 7. O-O f6 8.
e5 d6 9. exf6 Qxf6 10. Bg5 Qf7 11. Qe2 Nf4 12. Bxf4 Qxf4 13. Rab1 Nc6 14. Qe4
Qxe4 15. Bxe4 d5 16. Bd3 h6 17. Rfe1 b6 18. Bb5 Na5 19. Ne5 a6 20. Bd3 Nc4 21.
Bxc4 dxc4 22. Nxc4 Rf6 23. Ne5 Bb7 24. c4 Rd8 25. c3 Bc8 26. a4 Rdf8 27. f3 g5
28. Ng4 Rg6 29. a5 h5 30. Ne5 Rg7 31. axb6 cxb6 32. Rxb6 g4 33. fxg4 hxg4 34.
Rf1 Re8 35. Nc6 Rc7 36. Rf4 Kg7 37. Rxg4+ Kf6 38. Ne5 Kf5 39. h3 a5 40. Rb8 a4
41. Ra8 1-0

[Event "Challenge"]
[Site "http://www.queenalice.com/game.php?id=1237763"]
[Date "2013.12.5"]
[Round "-"]
[White "Jokerman2011"]
[Black "ReiNato"]
[Result "0-1"]
[WhiteElo "1089"]
[BlackElo "1704"]

1. e4 e6 2. b3 Ne7 3. Nh3 d6 4. Bb5+ c6 5. Ba4 b5 6. Bxb5 cxb5 7. Nc3 Ng6 8.
Nxb5 Be7 9. Ba3 O-O 10. c4 e5 11. g4 a6 12. Nc3 Nc6 13. f3 Bh4+ 14. Kf1 Nd4 15.
Rc1 Nf4 16. Nxf4 exf4 17. c5 a5 18. c6 Ba6+ 19. d3 Nb5 20. Nxb5 Bxb5 21. c7 Qf6
22. c8=Q Raxc8 23. Rxc8 Rxc8 24. Rg1 Qd4 25. Ke2 Qe3+ 26. Kf1 Qf2# 0-1

[Event "IX-E-2-B-R1-J3"]
[Site "http://www.queenalice.com/game.php?id=1239326"]
[Date "2013.12.11"]
[Round "-"]
[White "ebelote"]
[Black "ReiNato"]
[Result "1-0"]
[WhiteElo "1698"]
[BlackElo "1652"]

1. e4 c6 2. Nc3 e6 3. d4 Bb4 4. Bd2 Bxc3 5. Bxc3 Ne7 6. Bc4 Ng6 7. d5 O-O 8.
dxe6 fxe6 9. Nf3 b5 10. Bd3 Nf4 11. Bb4 Nxd3+ 12. Qxd3 Rf6 13. e5 Rf5 14. O-O a5
15. Bc5 Na6 16. Bd6 Bb7 17. b3 c5 18. Rae1 Qb6 19. c4 Bxf3 20. gxf3 Nb4 21. Qe2
bxc4 22. Qxc4 Na6 23. Re4 Rxf3 24. Rh4 Rf5 25. Qe4 Re8 26. Kh1 Qb5 27. Rg1 Qc6
28. Qxc6 dxc6 29. f4 g6 30. Rg3 Kh8 31. Rxg6 Nb4 32. a4 Nd3 33. Bc7 Nxf4 34.
Bxa5 Ne2 35. Bd2 Rf1+ 36. Kg2 Rg1+ 37. Kf2 Rxg6 38. Kxe2 Rg2+ 39. Ke3 Rd8 40.
Bc3 Ra2 41. Rh6 Re8 42. Kd3 Kg7 43. Rh4 Rd8+ 44. Kc4 Rd5 45. Be1 Rc2+ 46. Bc3
Rxc3+ 47. Kxc3 Rxe5 48. Rf4 Kg6 49. a5 Kg5 50. Rc4 Rd5 51. a6 e5 52. a7 Rd8 53.
Rxc5 Kf4 54. Rxc6 Ra8 55. Rc7 h5 56. b4 e4 57. Kd2 h4 58. b5 Rd8+ 59. Ke2 Rg8
60. Rg7 Rxg7 61. a8=Q Rg2+ 62. Kf1 h3 63. b6 Ke3 64. Qa3+ Kf4 65. b7 e3 66.
b8=Q+ Kf3 67. Qaa8+ Kg4 68. Qe4+ 1-0

[Event "IX-E-2-B-R5-J2 Reinato marreta7"]
[Site "http://www.queenalice.com/game.php?id=1243100"]
[Date "2013.12.27"]
[Round "-"]
[White "ReiNato"]
[Black "marreta7"]
[Result "1-0"]
[WhiteElo "1689"]
[BlackElo "1653"]

1. e4 e5 2. Bc4 Bc5 3. Nf3 Nc6 4. O-O h6 5. c3 a6 6. d4 exd4 7. cxd4 Ba7 8. d5
Na5 9. Bd3 d6 10. Qa4+ Bd7 11. Qxa5 b5 12. Be3 Bxe3 13. fxe3 Nf6 14. Nc3 O-O 15.
Nd4 c5 16. Qxd8 Rfxd8 17. Nc6 Bxc6 18. dxc6 Rdc8 19. Nd5 Rxc6 20. Ne7+ Kh8 21.
Nxc6 b4 22. Rxf6 gxf6 23. Bc4 Kg7 24. Rf1 a5 25. Rf3 h5 26. Rg3+ Kh6 27. Bxf7
Rf8 28. Bd5 a4 29. h4 a3 30. b3 f5 31. exf5 Rxf5 32. Be4 Rf6 33. Ne7 Re6 34.
Ng8# 1-0

[Event "IX-E-2-B-R3-J3"]
[Site "http://www.queenalice.com/game.php?id=1245284"]
[Date "2014.1.4"]
[Round "-"]
[White "ReiNato"]
[Black "fflores"]
[Result "0-1"]
[WhiteElo "1703"]
[BlackElo "1673"]

1. Nf3 d5 2. e3 Nc6 3. Bb5 a6 4. Bxc6+ bxc6 5. d4 e6 6. O-O Nf6 7. a3 c5 8. c3
c4 9. Nbd2 Bd6 10. b3 cxb3 11. Qxb3 O-O 12. c4 c6 13. c5 Bc7 14. Re1 Ba5 15. Qa4
Qc7 16. Rf1 Bc3 17. Ra2 Bxd2 18. Nxd2 Ng4 19. g3 e5 20. Nf3 e4 21. Ne5 Nxe5 22.
dxe5 Bh3 23. Bb2 Bxf1 24. Kxf1 a5 25. Bd4 h5 26. Qc2 a4 27. Qe2 g6 28. f3 exf3
29. Qxf3 Qb7 30. Rb2 Qa6+ 31. Kg2 Rab8 32. Rb6 Rxb6 33. cxb6 Qd3 34. Qf6 Qf5 35.
Qxc6 Qe4+ 36. Kf2 Qf5+ 37. Ke2 Rc8 38. Qb5 Qc2+ 39. Kf3 Qe4+ 40. Kf2 Rc2+ 41.
Ke1 Qh1+ 42. Qf1 Rc1+ 43. Ke2 Qxf1+ 44. Kd2 Qd1# 0-1

[Event "IX-E-2-B-R8-J3"]
[Site "http://www.queenalice.com/game.php?id=1285389"]
[Date "2014.6.1"]
[Round "-"]
[White "ReiNato"]
[Black "ebelote"]
[Result "0-1"]
[WhiteElo "1686"]
[BlackElo "1682"]

1. Nf3 Nf6 2. Nc3 d5 3. d4 Nc6 4. e3 e6 5. Bb5 Bd7 6. Bxc6 Bxc6 7. Ne5 Bb4 8.
O-O Bxc3 9. bxc3 Bb5 10. Re1 O-O 11. a4 Ba6 12. a5 Ne4 13. Bb2 f6 14. Nd3 b6 15.
axb6 axb6 16. f3 Bxd3 17. Qxd3 Ng5 18. h4 Nf7 19. c4 dxc4 20. Qxc4 e5 0-1

[Event "IX-E-2-B-R12-J2"]
[Site "http://www.queenalice.com/game.php?id=1285391"]
[Date "2014.6.1"]
[Round "-"]
[White "marreta7"]
[Black "ReiNato"]
[Result "1-0"]
[WhiteElo "1622"]
[BlackElo "1670"]

1. e4 e5 2. Bc4 Nf6 3. d3 Be7 4. a3 O-O 5. Nf3 c6 6. Nxe5 Qa5+ 7. Bd2 Qxe5 8.
Nc3 b5 9. Ba2 b4 10. axb4 Na6 11. Ne2 d5 12. Bc3 Qg5 13. g3 Nxb4 14. Bxb4 Bxb4+
15. c3 Bd6 16. exd5 Nxd5 17. Bxd5 Qxd5 18. O-O 1-0

[Event "IX-E-2-B-R10-J3"]
[Site "http://www.queenalice.com/game.php?id=1285392"]
[Date "2014.6.1"]
[Round "-"]
[White "fflores"]
[Black "ReiNato"]
[Result "0-1"]
[WhiteElo "1675"]
[BlackElo "1654"]

1. e4 e5 2. Nf3 Nc6 3. Nc3 Nf6 4. a3 Bc5 5. h3 d6 6. Bc4 O-O 7. Na4 Nxe4 8. Nxc5
Nxc5 9. d3 Be6 10. Bxe6 fxe6 11. d4 Nxd4 12. Nxd4 exd4 13. Qxd4 e5 14. Qd5+ Kh8
15. O-O Qf6 16. Be3 c6 17. Qd2 b6 18. f3 d5 19. Bxc5 bxc5 20. b4 c4 21. c3 a5
22. Qe3 axb4 23. axb4 Rab8 24. f4 e4 25. f5 h6 26. g4 Kh7 27. Ra6 Kh8 28. Kg2
Kh7 29. Rb1 Rf7 30. b5 Qe5 31. Rxc6 Ra8 32. Ra6 Rfa7 33. Rxa7 Rxa7 34. Rb2 Ra3
35. Rc2 Rb3 36. b6 Qd6 37. g5 Rxb6 38. g6+ Kg8 39. Qg3 Qf6 40. Ra2 Qd8 41. Qe3
Rf6 42. Qf4 Qf8 43. Qg3 Rxf5 44. Rf2 Rxf2+ 45. Qxf2 Qxf2+ 46. Kxf2 Kf8 47. Kg3
Ke7 48. Kf4 Kf6 49. h4 Kxg6 0-1

[Event "Challenge"]
[Site "http://www.queenalice.com/game.php?id=1300271"]
[Date "2014.8.8"]
[Round "-"]
[White "JORAM2205"]
[Black "ReiNato"]
[Result "0-1"]
[WhiteElo "1644"]
[BlackElo "1638"]

1. e4 c6 2. d3 e6 3. Nf3 Ne7 4. Nc3 Ng6 5. d4 Bb4 6. Bd2 Bxc3 7. Bxc3 O-O 8. Bb4
d6 9. Qd2 a5 10. Ba3 b5 11. b4 axb4 12. Bxb4 Na6 13. Bc3 Bb7 14. a3 f5 15. Ng5
Qe7 16. Be2 fxe4 17. Bg4 Bc8 18. O-O h6 19. Nh3 c5 20. Qe3 cxd4 21. Qxd4 e5 22.
Qxe4 Bxg4 23. Qxg4 Rac8 24. Qg3 Qe6 25. Rab1 Nc5 26. Rfe1 Qf5 27. Re2 Ne4 28.
Qe3 Nxc3 29. Rxb5 Nxe2+ 30. Qxe2 Rxc2 31. Qf1 Ra2 32. Rb3 Qc2 33. Rf3 Nf4 34.
Kh1 Nxh3 35. gxh3 Rxf3 0-1

[Event "Challenge"]
[Site "http://www.queenalice.com/game.php?id=1334653"]
[Date "2015.1.13"]
[Round "-"]
[White "ORNELAS"]
[Black "ReiNato"]
[Result "1-0"]
[WhiteElo "1770"]
[BlackElo "1649"]

1. Nf3 e6 2. d4 Ne7 3. Bg5 f6 4. Bh4 Ng6 5. e4 Be7 6. Bg3 d6 7. c3 Nd7 8. Bb5 c6
9. Bc4 O-O 10. Bxe6+ Kh8 11. Nbd2 b6 12. Nh4 Nxh4 13. Bxh4 Bb7 14. Qg4 Bc8 15.
O-O c5 16. d5 Ne5 17. Qg3 Bxe6 18. Nf3 Bf7 19. Nxe5 1-0